Bi kịch Hy Lap Êđíp làm vua

Tallennettuna:
Bibliografiset tiedot
Päätekijä: Xôphôclơ
Muut tekijät: Hoàng Hữu Dân (Dịch), Nguyễn Văn Khỏa (Giới thiệu)
Aineistotyyppi: Kirja
Kieli:Vietnamese
Julkaistu: H. . ĐH và Trung học chuyên nghiệp 1984
Aiheet:
Tagit: Lisää tagi
Ei tageja, Lisää ensimmäinen tagi!
Thư viện lưu trữ: Mạng thư viện Đại học Đà Nẵng
LEADER 01141nam a2200337 4500
001 000004556
003 695
005 20110802140848.0
008 110722s1984 viesd
020 |c 6.000đ 
041 0 |a vie 
082 |a 880  |b XOP 
100 0 |a Xôphôclơ 
245 0 |a Bi kịch Hy Lap Êđíp làm vua  |c Hoàng Hữu Đản dịch; Nguyễn Văn Khỏa g.thiệu 
260 |a H.  |b . ĐH và Trung học chuyên nghiệp  |c 1984 
300 |a 83 tr  |c 19 cm 
653 |a Văn học Hy Lạp 
653 |a Bi kịch Hy Lạp 
700 |a Hoàng Hữu Dân  |e Dịch 
700 |a Nguyễn Văn Khỏa  |e Giới thiệu 
910 |a Huỳnh Thị Cẩm Lai  |d 22/07/2011 
OWN |a LSP 
AVA |a UDN50  |b LSP  |d 880 XOP  |e unavailable  |t Error 5002 Not defined in file expand_doc_bib_avail.  |f 6  |g 6  |h N  |i 0  |k 1 
999 |a From the UDN01 
AVA |a UDN50  |b LSP  |d 880 XOP  |e unavailable  |t Error 5002 Not defined in file expand_doc_bib_avail.  |f 6  |g 6  |h N  |i 0  |k 1 
TYP |a Monograph 
TYP |a Printed language 
980 |a Mạng thư viện Đại học Đà Nẵng